Detalles MARC
| 000 -LEADER |
| campo de control de longitud fija |
04332nam a22003377a 4500 |
| 001 - NÚMERO DE CONTROL |
| campo de control |
TIGAL 0086 |
| 003 - IDENTIFICADOR DE NÚMERO DE CONTROL |
| campo de control |
gtcocun |
| 005 - FECHA Y HORA DE LA ÚLTIMA TRANSACCIÓN |
| campo de control |
20250917180518.0 |
| 006 - CÓDIGOS DE INFORMACIÓN DE LONGITUD FIJA--CARACTERÍSTICAS DEL MATERIAL ADICIONAL |
| campo de control de longitud fija |
a||||gr|||| 00| 0 |
| 007 - CAMPO FIJO DE DESCRIPCIÓN FÍSICA--INFORMACIÓN GENERAL |
| campo de control de longitud fija |
ta |
| 008 - DATOS DE LONGITUD FIJA--INFORMACIÓN GENERAL |
| campo de control de longitud fija |
250917b2024 gt ||||| m||| 00| 0 eng d |
| 040 ## - FUENTE DE CATALOGACIÓN |
| Centro catalogador/agencia de origen |
gtcocun |
| Lengua de catalogación |
SPA |
| Centro/agencia transcriptor |
gtcocun |
| Normas de descripción |
RDA |
| 041 ## - CÓDIGO DE IDIOMA |
| Código de lengua del texto/banda sonora o título independiente |
SPA TIGAL0086 |
| 084 ## - OTRO NÚMERO DE CLASIFICACIÓN |
| Número de control del registro de autoridad o número normalizado |
TIGAL0086 |
| 100 ## - ENTRADA PRINCIPAL--NOMBRE DE PERSONA |
| Nombre de persona |
Sierra Riveiro, José Carlos |
| Término indicativo de función/relación |
Autor |
| 245 ## - MENCIÓN DEL TÍTULO |
| Título |
INFORME FINAL DEL EJERCICIO PROFESIONAL SUPERVISADO REALIZADO EN LA MUNICIPALIDAD DE CHISEC Y ALDEA SEGUACHIL, MICRO REGIÓN RURAL DEL MUNICIPIO DE CHISEC, ALTA VERAPAZ/ |
| Mención de responsabilidad, etc. |
José Carlos Sierra Riveiro. |
| Medio |
Impreso |
| 264 ## - PRODUCCIÓN, PUBLICACIÓN, DISTRIBUCIÓN, FABRICACIÓN Y COPYRIGHT |
| Producción, publicación, distribución, fabricación y copyright |
Cobán, Alta Verapaz: |
| Nombre del de productor, editor, distribuidor, fabricante |
Universidad de San Carlos de Guatemala, Centro Universitario del Norte, Carrera de Ingeniería en Gestión Ambiental Local |
| Fecha de producción, publicación, distribución, fabricación o copyright |
2024 |
| 300 ## - DESCRIPCIÓN FÍSICA |
| Extensión |
91 p.: |
| Otras características físicas |
Ilustraciones, gráficas. |
| Dimensiones |
28 cm; |
| 300 ## - DESCRIPCIÓN FÍSICA |
| Dimensiones |
PDF |
| 336 ## - TIPO DE CONTENIDO |
| Fuente |
rdacontenido |
| Término de tipo de contenido |
Texto |
| Código de tipo de contenido |
txt |
| 337 ## - TIPO DE MEDIO |
| Fuente |
rdamedio |
| Nombre/término del tipo de medio |
Computadora |
| Código del tipo de medio |
n |
| 338 ## - TIPO DE SOPORTE |
| Fuente |
rdasoporte |
| Nombre/término del tipo de soporte |
Código en línea |
| Código del tipo de soporte |
cr |
| 502 ## - NOTA DE TESIS |
| identificador de la tesis |
TIGAL 0086 |
| 502 ## - NOTA DE TESIS |
| Nota de tesis |
Tesis de grado |
| Tipo de título |
Carrera de Ingeniería en Gestión Ambiental Local, |
| Nombre de la institución que otorga el título |
Universidad de San Carlos de Guatemala, Centro Universitario del Norte, Carrera de Ingeniería en Gestión Ambiental Local |
| Año de obtención del título |
2024 |
| Identificador de la tesis |
TIGAL 0086 |
| 520 14 - RESUMEN, ETC. |
| Sumario, etc. |
El Ejercicio Profesional Supervisado tuvo impacto en la aldea Seguachil, micro región<br/>rural, del municipio de Chisec, Alta Verapaz. Según lo diagnosticado y analizado es la<br/>aldea con mayor afectación en cuanto al tema de educación ambiental, deforestación y<br/>contaminación de fuentes hídricas. La población será beneficiada con un proyecto<br/>integrado que de forma sostenible estabilizará dicha problemática.<br/><br/>Con la implementación de actividades, facilitaron conocimientos ambientales en grupos<br/>focales para una mayor incidencia en la aldea Seguachil, ya que según lo diagnosticado los<br/>principales problemas son el inadecuado manejo de los desechos sólidos, deforestación,<br/>caza de fauna, quema de basura, roza, entre otras prácticas que impactan al ambiente.<br/><br/>La deficiente educación ambiental es la causa principal de dicha problemática, desde niños<br/>hasta adultos, pocos ejercen parte de la cultura ambiental que debe existir en todo lugar.<br/>Fue de suma importancia la elaboración de un plan de educación ambiental, en el que se<br/>impartieron varios talleres para reforzar el conocimiento sobre el ambiente y la importancia<br/>de la protección y conservación de los recursos naturales de nuestro entorno, para promover<br/>el saneamiento ambiental, la reforestación, y el cuidado de la fuente hídrica con la que<br/>cuenta dicha aldea.<br/><br/>Este plan fue dirigido a estudiantes de la escuela que se encuentra en Seguachil, al grupo<br/>de mujeres y a las comisiones de agua, ambiente, jóvenes y la directiva de COCODE, contó<br/>con la participación de la municipalidad de Chisec, Universidad Rural con sede en el<br/>municipio de Chisec y el Colegio Tecnológico en Informática del municipio de Cobán,<br/>Alta Verapaz.<br/><br/>También se realizó una investigación en la microregión Playitas del municipio de<br/>Chisec, Alta Verapaz, donde se evaluó el riesgo de inundaciones que existía en el área, a<br/>través de trabajo de campo, utilización de bases de datos y sistemas de información<br/>geográfica, con el objetivo de determinar, mediante una zonificación, los niveles de riesgo<br/>de esta índole para implementar medidas de respuesta inmediata previas a un desastre<br/>natural. El estudio determinó que las inundaciones son la principal amenaza en la<br/>microregión, ocurren más de dos veces al año y causan daños a la infraestructura, cultivos<br/>y salud de la población. Se identificó niveles de riesgo alto, medio y bajo, representados<br/>en un mapa que muestra la vulnerabilidad de las comunidades. La mayoría del territorio es<br/>altamente vulnerable a inundaciones, y la población vive en pobreza extrema. |
| 650 14 - PUNTO DE ACCESO ADICIONAL DE MATERIA--TÉRMINO DE MATERIA |
| Fuente del encabezamiento o término |
LEMB |
| Término de materia o nombre geográfico como elemento de entrada |
Chisec, Alta Verapaz |
| Subdivisión general |
Ingeniería en Gestión Ambiental Local |
| -- |
Educación ambiental |
| -- |
Deforestación |
| -- |
Contaminación |
| -- |
Roza |
| -- |
Fauna |
| 700 ## - ENTRADA AGREGADA--NOMBRE PERSONAL |
| Nombre de persona |
Ing. Nery Alejandro Chocooj Barrientos |
| Término indicativo de función/relación |
Asesor |
| 856 ## - LOCALIZACIÓN Y ACCESO ELECTRÓNICOS |
| Identificador Uniforme de Recurso |
<a href="https://drive.google.com/file/d/1IFOypFBJp9wKIEb4CDSEfUtaDDCPi5UF/view">https://drive.google.com/file/d/1IFOypFBJp9wKIEb4CDSEfUtaDDCPi5UF/view</a> |
| Texto de enlace |
PDF |
| Nota pública |
Un ejemplar en línea. |
| 942 ## - ELEMENTOS DE ENTRADA SECUNDARIOS (KOHA) |
| Fuente de la clasificación o esquema de estantería |
Clasificación Decimal Dewey |
| Tipo de ítem Koha |
TESIS |
| Parte de la signatura que identifica el ejemplar (Parte del ítem) |
TIGAL 0086 |
| Prefijo de la signatura |
Clasificación |
| Suprimir en OPAC |
No |
| -- |
TIGAL_0086_000000000000000 |